Managing commuters' behaviour <a> new role for companies

Guardado en:
Detalles Bibliográficos
Autor Corporativo: European Conference of Ministers of Transport. Economic Research Centre
Formato: Libro
Lenguaje:inglés
Publicado: Paris OECD 2002
Colección:Round table 121
Materias:
Etiquetas: Agregar Etiqueta
Sin Etiquetas, Sea el primero en etiquetar este registro!

MARC

LEADER 00000nam a2200000 4500
001 c142842
005 20221124092437.5
020 |a 92-821-1299-3 
041 0 |a eng 
044 |a FR 
245 1 0 |a Managing commuters' behaviour  |b <a> new role for companies 
264 1 |a Paris  |b OECD  |c 2002 
300 |a 287 s. 
490 1 |a Round table  |v 121 
830 0 |a Round table  |v 121 
610 2 0 |a hospodárstvo dopravné 
610 2 0 |a spoločnosti dopravné 
610 2 0 |a doprava verejná 
610 2 0 |a ekológia 
610 2 0 |a emisie 
610 2 0 |a doprava 
610 2 0 |a znečistenie ovzdušia 
610 2 0 |a porovnanie medzinárodné 
610 2 0 |a bicykle 
610 2 0 |a Rakúsko 
610 2 0 |a USA 
610 2 0 |a Veľká Británia 
610 2 0 |a svet 
710 2 |a European Conference of Ministers of Transport. Economic Research Centre